00798cam a2200241 a 45000010009000000050017000090080041000260100017000670200031000840200025001150400018001400410008001580420008001660800018001740820022001921000007002141010008002212450152002299060045003819420012004269990017004389520101004551625083720171222071646.0100525s2011 maua f 000 0 eng  a 2010929465 a9780312601539 (alk. paper) a9780312601591 (pbk.) aDLCcDLCdDLC aeng apcc a808.0427 KEN00a808.0427 KEN223 a46 aEDU04aThe Bedford guide for college writers with reader, research manual, and handbook /c[edited by] X. J. Kennedy, Dorothy M. Kennedy, Marcia F. Muth. a7bcbccorignewd2eepcnf20gy-gencatlg 2ddccBK c39336d39336 00102ddc4070a002b002d2017-12-22l0o808.0427 KENp002-2939867r2017-12-22w2017-12-22yBK